[Event "DVM U20 2019"]
[Site "Braunschweig GER"]
[Date "2019.12.27"]
[Round "2"]
[White "Heise, Tobias"]
[Black "Grining, Maria"]
[Result "1-0"]
[Termination "normal"]
[Board "4.6"]
[WhiteElo "1712"]
[BlackElo "1744"]
[WhiteClock "00:11:34"]
[BlackClock "00:01:02"]
[WhiteTeam "SK Lehrte"]
[BlackTeam "Karlsruher SF"]
[PlyCount "75"]
[WhiteFideId "12949280"]
[BlackFideId "16235037"]
[EventCountry "GER"]
[EventRounds "7"]
[EventType "team-swiss"]
[EventDate "2019.12.26"]

1. d4 {[%clk 1:30:58]} d5 {[%clk 1:30:53]} 2. Nf3 {[%clk 1:31:16]} Nf6 {[%clk
1:31:09]} 3. Bf4 {[%clk 1:31:35]} e6 {[%clk 1:30:52]} 4. c3 {[%clk 1:31:05]} c5
{[%clk 1:30:51]} 5. e3 {[%clk 1:31:21]} Be7 {[%clk 1:30:33]} 6. Bd3 {[%clk
1:31:20]} Nbd7 {[%clk 1:30:06]} 7. Nbd2 {[%clk 1:31:01]} O-O {[%clk 1:29:07]}
8. h3 {[%clk 1:29:48]} b6 {[%clk 1:19:27]} 9. Ne5 {[%clk 1:24:02]} Bb7 {[%clk
1:14:46]} 10. Qe2 {[%clk 1:16:32]} Nxe5 {[%clk 1:06:59]} 11. dxe5 {[%clk
1:16:35]} Ne4 {[%clk 1:06:43]} 12. Nxe4 {[%clk 0:55:14]} dxe4 {[%clk 1:07:03]}
13. Bc2 Bg5 14. Bg3 {[%clk 0:50:24]} Qd5 {[%clk 0:35:15]} 15. O-O {[%clk
0:48:55]} Rad8 {[%clk 0:34:17]} 16. Rfd1 {[%clk 0:44:32]} Qc6 {[%clk 0:34:31]}
17. Rd6 {[%clk 0:43:01]} Rxd6 {[%clk 0:30:51]} 18. exd6 {[%clk 0:43:27]} Bf6
{[%clk 0:29:08]} 19. Rd1 {[%clk 0:39:22]} Rd8 {[%clk 0:28:14]} 20. Rd2 {[%clk
0:34:09]} c4 {[%clk 0:22:57]} 21. Qg4 {[%clk 0:28:25]} e5 {[%clk 0:19:17]} 22.
d7 {[%clk 0:22:37]} Qe6 23. Qd1 {[%clk 0:21:40]} Be7 {[%clk 0:18:49]} 24. b3
{[%clk 0:20:40]} Bc6 {[%clk 0:12:51]} 25. bxc4 {[%clk 0:20:56]} Rxd7 {[%clk
0:11:50]} 26. Rxd7 {[%clk 0:20:59]} Qxd7 {[%clk 0:11:49]} 27. Bxe5 {[%clk
0:19:48]} Qxd1+ {[%clk 0:08:11]} 28. Bxd1 {[%clk 0:20:15]} f6 {[%clk 0:07:43]}
29. Bd4 {[%clk 0:19:07]} Kf8 {[%clk 0:07:15]} 30. Bb3 {[%clk 0:16:55]} Ke8
{[%clk 0:05:54]} 31. a4 {[%clk 0:16:47]} Bc5 {[%clk 0:05:02]} 32. Kf1 {[%clk
0:16:30]} Kd7 {[%clk 0:04:58]} 33. Ke2 {[%clk 0:16:44]} Kd6 {[%clk 0:04:27]}
34. f3 {[%clk 0:16:29]} Ke6 {[%clk 0:01:47]} 35. Bc2 {[%clk 0:13:21]} exf3+
{[%clk 0:01:00]} 36. gxf3 {[%clk 0:13:50]} h6 {[%clk 0:00:56]} 37. e4 {[%clk
0:12:05]} Bd7 {[%clk 0:01:02]} 38. f4 {[%clk 0:11:34]} 1-0

[Event "DVM U20 2019"]
[Site "Braunschweig GER"]
[Date "2019.12.27"]
[Round "2"]
[White "Keller, Yannik"]
[Black "Wu, Luka"]
[Result "1-0"]
[Termination "normal"]
[Board "5.2"]
[WhiteElo "2020"]
[BlackElo "2073"]
[WhiteClock "00:20:41"]
[BlackClock "00:37:12"]
[WhiteTeam "Sges Bensheim 1931"]
[BlackTeam "OSG Baden-Baden"]
[PlyCount "51"]
[WhiteFideId "12970204"]
[BlackFideId "12977420"]
[EventCountry "GER"]
[EventRounds "7"]
[EventType "team-swiss"]
[EventDate "2019.12.26"]

1. e4 {[%clk 1:30:57]} c5 {[%clk 1:30:55]} 2. Nf3 {[%clk 1:31:23]} d6 {[%clk
1:31:16]} 3. d4 {[%clk 1:31:47]} cxd4 {[%clk 1:31:40]} 4. Nxd4 {[%clk 1:32:13]}
Nf6 {[%clk 1:32:04]} 5. Nc3 {[%clk 1:32:38]} g6 {[%clk 1:32:12]} 6. f3 {[%clk
1:29:01]} Bg7 {[%clk 1:31:37]} 7. Be3 {[%clk 1:29:24]} O-O {[%clk 1:31:01]} 8.
Bc4 {[%clk 1:25:04]} Nc6 {[%clk 1:30:58]} 9. Bb3 {[%clk 1:23:28]} Bd7 {[%clk
1:30:55]} 10. h4 {[%clk 1:23:06]} Nxd4 {[%clk 1:28:47]} 11. Bxd4 {[%clk
1:23:01]} b5 {[%clk 1:29:06]} 12. Qd2 {[%clk 1:17:03]} a5 13. h5 {[%clk
1:09:37]} e6 {[%clk 1:23:03]} 14. a3 {[%clk 1:02:35]} Qe7 15. hxg6 {[%clk
0:57:28]} fxg6 {[%clk 1:17:43]} 16. O-O-O {[%clk 0:53:09]} Ra6 17. e5 Ne8
{[%clk 0:58:27]} 18. Ne4 {[%clk 0:43:27]} Rf7 {[%clk 0:41:05]} 19. exd6 {[%clk
0:30:32]} Nxd6 {[%clk 0:41:01]} 20. Nc5 {[%clk 0:30:02]} Rc6 {[%clk 0:40:57]}
21. Bxg7 {[%clk 0:27:52]} Kxg7 {[%clk 0:40:06]} 22. Nxd7 {[%clk 0:24:48]} Qxd7
{[%clk 0:40:24]} 23. Qd4+ {[%clk 0:21:34]} Kg8 {[%clk 0:39:46]} 24. Rhe1 {[%clk
0:21:23]} Re7 {[%clk 0:39:50]} 25. Qf6 {[%clk 0:20:48]} Qc8 {[%clk 0:37:12]}
26. Qxe7 {[%clk 0:20:41]} 1-0

[Event "DVM U20 2019"]
[Site "Braunschweig GER"]
[Date "2019.12.27"]
[Round "2"]
[White "Wu, Leon"]
[Black "Hennemann, Florian"]
[Result "1/2-1/2"]
[Termination "normal"]
[Board "5.3"]
[WhiteElo "2019"]
[BlackElo "1865"]
[WhiteClock "00:23:34"]
[BlackClock "00:19:52"]
[WhiteTeam "OSG Baden-Baden"]
[BlackTeam "Sges Bensheim 1931"]
[PlyCount "52"]
[WhiteFideId "12977438"]
[BlackFideId "16272692"]
[EventCountry "GER"]
[EventRounds "7"]
[EventType "team-swiss"]
[EventDate "2019.12.26"]

1. e4 c5 2. Nf3 d6 3. d4 cxd4 4. Nxd4 Nf6 5. Nc3 a6 6. Bg5 e6 7. f4 Be7 8. Qe2
{[%clk 1:27:44]} Nc6 {[%clk 1:28:19]} 9. O-O-O {[%clk 1:23:57]} Qc7 {[%clk
1:24:33]} 10. g4 {[%clk 1:21:47]} b5 {[%clk 1:14:48]} 11. Nxc6 {[%clk 1:18:09]}
Qxc6 {[%clk 1:15:01]} 12. e5 Bb7 13. Rg1 {[%clk 0:58:25]} dxe5 {[%clk 0:49:34]}
14. fxe5 {[%clk 0:52:55]} Nd5 {[%clk 0:43:01]} 15. Bxe7 {[%clk 0:50:41]} Nxc3
{[%clk 0:40:55]} 16. bxc3 {[%clk 0:50:53]} Kxe7 {[%clk 0:39:16]} 17. Bg2 {[%clk
0:49:08]} Qc7 {[%clk 0:37:57]} 18. Bxb7 {[%clk 0:49:19]} Qxb7 {[%clk 0:38:22]}
19. Qf2 {[%clk 0:45:37]} Rhc8 {[%clk 0:33:49]} 20. Qh4+ {[%clk 0:41:41]} Ke8
{[%clk 0:30:13]} 21. Qxh7 {[%clk 0:38:51]} Rxc3 {[%clk 0:24:23]} 22. Qxg7
{[%clk 0:32:58]} Qe4 {[%clk 0:21:59]} 23. Rd2 {[%clk 0:25:18]} Rac8 {[%clk
0:21:00]} 24. Rgg2 {[%clk 0:22:49]} Rxc2+ {[%clk 0:19:28]} 25. Rxc2 {[%clk
0:23:08]} Qe1+ {[%clk 0:19:40]} 26. Kb2 {[%clk 0:23:34]} Qb4+ {[%clk 0:19:52]}
1/2-1/2

[Event "DVM U20 2019"]
[Site "Braunschweig GER"]
[Date "2019.12.27"]
[Round "2"]
[White "Kaiser, Frederic"]
[Black "Jurga, Jonas Vincent"]
[Result "0-1"]
[Termination "normal"]
[Board "5.4"]
[WhiteElo "1901"]
[BlackElo "1896"]
[WhiteClock "00:06:07"]
[BlackClock "01:21:01"]
[WhiteTeam "Sges Bensheim 1931"]
[BlackTeam "OSG Baden-Baden"]
[PlyCount "99"]
[WhiteFideId "16240618"]
[BlackFideId "12968013"]
[EventCountry "GER"]
[EventRounds "7"]
[EventType "team-swiss"]
[EventDate "2019.12.26"]

1. e4 c5 {[%clk 1:30:57]} 2. Nf3 {[%clk 1:31:24]} d6 {[%clk 1:31:23]} 3. Bb5+
{[%clk 1:31:50]} Bd7 {[%clk 1:31:48]} 4. Bxd7+ {[%clk 1:31:50]} Qxd7 {[%clk
1:31:48]} 5. O-O {[%clk 1:31:50]} g6 {[%clk 1:31:48]} 6. c3 {[%clk 1:31:50]}
Bg7 {[%clk 1:31:48]} 7. d4 {[%clk 1:31:50]} cxd4 {[%clk 1:31:48]} 8. cxd4
{[%clk 1:31:50]} Nf6 {[%clk 1:31:48]} 9. Nc3 {[%clk 1:31:50]} O-O {[%clk
1:31:48]} 10. Bg5 {[%clk 1:31:50]} Nc6 {[%clk 1:31:48]} 11. Qd2 {[%clk
1:31:50]} Rfd8 {[%clk 1:31:48]} 12. Rfe1 {[%clk 1:31:50]} a6 {[%clk 1:31:48]}
13. Nd5 {[%clk 1:31:50]} Rab8 {[%clk 1:31:48]} 14. Bxf6 {[%clk 1:31:50]} exf6
{[%clk 1:31:48]} 15. Qf4 {[%clk 1:31:50]} f5 {[%clk 1:31:48]} 16. exf5 {[%clk
1:31:50]} Qxf5 {[%clk 1:31:48]} 17. Qxf5 {[%clk 1:31:50]} gxf5 {[%clk 1:31:48]}
18. Ne7+ {[%clk 1:31:50]} Nxe7 {[%clk 1:31:48]} 19. Rxe7 {[%clk 1:31:50]} Kf8
{[%clk 1:31:48]} 20. Rc7 {[%clk 1:31:50]} Bf6 {[%clk 1:31:48]} 21. Rac1 {[%clk
1:31:50]} Ke8 {[%clk 1:31:48]} 22. Kf1 {[%clk 1:31:50]} Rd7 {[%clk 1:31:48]}
23. Ke2 {[%clk 1:31:50]} Kd8 {[%clk 1:31:48]} 24. R7c2 {[%clk 1:31:50]} Re7+
{[%clk 1:31:48]} 25. Kd3 {[%clk 1:31:50]} h6 {[%clk 1:31:48]} 26. g3 {[%clk
1:31:50]} Bg5 {[%clk 1:31:48]} 27. Re1 {[%clk 1:31:50]} Bf6 {[%clk 1:05:58]}
28. Rec1 {[%clk 0:20:27]} Bg5 {[%clk 1:06:02]} 29. Re1 {[%clk 0:20:04]} Rxe1
{[%clk 1:06:03]} 30. Nxe1 {[%clk 0:20:32]} f4 {[%clk 1:06:33]} 31. Ke4 {[%clk
0:18:06]} fxg3 {[%clk 1:06:46]} 32. hxg3 {[%clk 0:16:13]} Kd7 {[%clk 1:07:04]}
33. Kf5 {[%clk 0:15:11]} Be7 {[%clk 1:03:53]} 34. Nd3 {[%clk 0:12:13]} Rg8
{[%clk 1:04:10]} 35. Rc1 {[%clk 0:10:53]} Rg5+ {[%clk 1:02:05]} 36. Kf4 {[%clk
0:09:55]} Ra5 {[%clk 1:02:25]} 37. Rh1 {[%clk 0:08:46]} Bg5+ {[%clk 1:01:57]}
38. Kg4 {[%clk 0:06:16]} Rxa2 {[%clk 0:59:26]} 39. f4 {[%clk 0:04:56]} Bf6
{[%clk 0:59:42]} 40. Rxh6 {[%clk 0:05:11]} Bxd4 {[%clk 1:00:10]} 41. Rh2 {[%clk
0:03:09]} a5 {[%clk 1:00:22]} 42. Kf5 {[%clk 0:00:55]} a4 {[%clk 0:59:28]} 43.
Rh7 {[%clk 0:22:01]} Ke8 {[%clk 1:27:25]} 44. Rh6 {[%clk 0:15:37]} Ke7 {[%clk
1:27:00]} 45. g4 {[%clk 0:10:47]} Ra1 {[%clk 1:21:16]} 46. Ke4 {[%clk 0:10:25]}
Bxb2 {[%clk 1:20:01]} 47. Nxb2 {[%clk 0:10:39]} a3 {[%clk 1:20:30]} 48. Rh2
{[%clk 0:05:55]} Re1+ {[%clk 1:20:36]} 49. Kd3 {[%clk 0:06:07]} a2 {[%clk
1:21:01]} 50. Kd4 0-1

[Event "DVM U20 2019"]
[Site "Braunschweig GER"]
[Date "2019.12.27"]
[Round "2"]
[White "Poghosyan, Tigran"]
[Black "Richter, Philipp"]
[Result "1/2-1/2"]
[Termination "normal"]
[Board "6.2"]
[WhiteElo "2109"]
[BlackElo "2084"]
[WhiteClock "00:40:48"]
[BlackClock "01:06:38"]
[WhiteTeam "Lübecker SV"]
[BlackTeam "USV TU Dresden"]
[PlyCount "51"]
[WhiteFideId "12909319"]
[BlackFideId "16219929"]
[EventCountry "GER"]
[EventRounds "7"]
[EventType "team-swiss"]
[EventDate "2019.12.26"]

1. e4 {[%clk 1:30:58]} e6 {[%clk 1:30:54]} 2. d4 {[%clk 1:31:23]} d5 3. Nd2
{[%clk 1:31:44]} Nf6 {[%clk 1:31:44]} 4. e5 {[%clk 1:32:06]} Nfd7 {[%clk
1:32:34]} 5. Bd3 {[%clk 1:32:50]} c5 {[%clk 1:32:58]} 6. c3 {[%clk 1:33:14]}
Nc6 7. Ndf3 cxd4 {[%clk 1:33:14]} 8. cxd4 {[%clk 1:33:36]} f6 {[%clk 1:33:38]}
9. exf6 {[%clk 1:33:56]} Nxf6 {[%clk 1:34:03]} 10. Nh3 {[%clk 1:34:14]} Qa5+
{[%clk 1:34:28]} 11. Bd2 {[%clk 1:26:56]} Bb4 {[%clk 1:34:44]} 12. Bxb4 {[%clk
1:18:37]} Qxb4+ {[%clk 1:35:04]} 13. Qd2 {[%clk 1:18:48]} Qxd2+ {[%clk
1:35:26]} 14. Kxd2 {[%clk 1:19:16]} O-O {[%clk 1:35:42]} 15. Rhe1 {[%clk
1:08:34]} e5 {[%clk 1:36:03]} 16. Nxe5 {[%clk 1:06:01]} Bxh3 {[%clk 1:31:20]}
17. Nxc6 {[%clk 1:00:57]} bxc6 {[%clk 1:25:05]} 18. gxh3 {[%clk 1:01:00]} Nh5
{[%clk 1:22:45]} 19. Re5 {[%clk 0:54:51]} Rxf2+ {[%clk 1:04:41]} 20. Ke1 {[%clk
0:55:15]} Rxh2 {[%clk 1:04:58]} 21. Rxh5 {[%clk 0:55:41]} Rh1+ {[%clk 1:05:14]}
22. Bf1 {[%clk 0:56:09]} Rf8 {[%clk 1:05:31]} 23. Ke2 {[%clk 0:56:35]} Rh2+
{[%clk 1:05:55]} 24. Ke3 {[%clk 0:52:59]} Rh1 {[%clk 1:06:17]} 25. Ke2 {[%clk
0:40:33]} Rh2+ {[%clk 1:06:38]} 26. Ke3 {[%clk 0:40:48]} 1/2-1/2

[Event "DVM U20 2019"]
[Site "Braunschweig GER"]
[Date "2019.12.27"]
[Round "2"]
[White "Meyer, Julian"]
[Black "Mundt, Alexandra"]
[Result "0-1"]
[Termination "normal"]
[Board "6.5"]
[WhiteElo "1664"]
[BlackElo "1775"]
[WhiteClock "00:31:50"]
[BlackClock "00:29:19"]
[WhiteTeam "USV TU Dresden"]
[BlackTeam "Lübecker SV"]
[PlyCount "44"]
[WhiteFideId "16298608"]
[BlackFideId "16217276"]
[EventCountry "GER"]
[EventRounds "7"]
[EventType "team-swiss"]
[EventDate "2019.12.26"]

1. d4 {[%clk 1:30:58]} Nf6 {[%clk 1:30:55]} 2. c4 {[%clk 1:31:25]} e6 {[%clk
1:31:12]} 3. Nc3 {[%clk 1:31:34]} d5 {[%clk 1:31:23]} 4. Bg5 {[%clk 1:31:32]}
Be7 {[%clk 1:31:06]} 5. e3 {[%clk 1:31:06]} c5 {[%clk 1:29:57]} 6. cxd5 {[%clk
1:28:28]} cxd4 {[%clk 1:29:08]} 7. Qxd4 {[%clk 1:27:34]} exd5 {[%clk 1:26:20]}
8. Rd1 {[%clk 1:24:08]} Nc6 {[%clk 1:24:37]} 9. Qd2 {[%clk 1:23:06]} Be6 {[%clk
1:19:15]} 10. Nf3 {[%clk 1:14:03]} O-O {[%clk 1:09:35]} 11. g3 {[%clk 1:14:03]}
Ne4 {[%clk 1:00:36]} 12. Nxe4 {[%clk 1:10:11]} dxe4 {[%clk 1:00:51]} 13. Qxd8
{[%clk 1:09:56]} Raxd8 {[%clk 1:01:03]} 14. Bxe7 {[%clk 1:10:04]} Nxe7 {[%clk
0:55:11]} 15. Nd2 a6 16. Bg2 {[%clk 1:04:38]} f5 {[%clk 0:51:39]} 17. a3 {[%clk
1:04:25]} Rd3 {[%clk 0:46:10]} 18. Ke2 Rfd8 {[%clk 0:38:59]} 19. f3 {[%clk
0:49:30]} Bd7 {[%clk 0:31:17]} 20. fxe4 {[%clk 0:40:40]} Bb5 {[%clk 0:31:07]}
21. Nc4 {[%clk 0:31:27]} Bxc4 {[%clk 0:31:11]} 22. Rxd3 {[%clk 0:31:50]} Bxd3+
{[%clk 0:29:19]} 0-1

[Event "DVM U20 2019"]
[Site "Braunschweig GER"]
[Date "2019.12.27"]
[Round "2"]
[White "Yankelevich, Michael"]
[Black "Wendler, David"]
[Result "1/2-1/2"]
[Termination "normal"]
[Board "7.1"]
[WhiteElo "2064"]
[BlackElo "2204"]
[WhiteClock "01:14:00"]
[BlackClock "00:23:01"]
[WhiteTeam "SG Trier"]
[BlackTeam "SK Bebenhausen 1992"]
[PlyCount "49"]
[WhiteFideId "12921440"]
[BlackFideId "12938360"]
[EventCountry "GER"]
[EventRounds "7"]
[EventType "team-swiss"]
[EventDate "2019.12.26"]

1. e4 c5 {[%clk 1:30:55]} 2. Nc3 {[%clk 1:31:21]} Nc6 {[%clk 1:31:00]} 3. Bb5
{[%clk 1:31:44]} Nd4 {[%clk 1:31:17]} 4. Bc4 {[%clk 1:32:09]} g6 {[%clk
1:29:37]} 5. Nf3 {[%clk 1:32:27]} Bg7 {[%clk 1:28:59]} 6. Nxd4 {[%clk 1:31:49]}
cxd4 {[%clk 1:26:08]} 7. Qf3 {[%clk 1:30:35]} Nh6 {[%clk 1:16:36]} 8. d3 {[%clk
1:28:25]} O-O {[%clk 1:12:51]} 9. Nd5 {[%clk 1:26:30]} e6 {[%clk 1:10:30]} 10.
Nf4 {[%clk 1:26:42]} d5 {[%clk 1:00:21]} 11. exd5 {[%clk 1:26:07]} e5 {[%clk
0:55:07]} 12. Nh3 {[%clk 1:25:51]} Bg4 {[%clk 0:50:29]} 13. Qg3 {[%clk
1:25:48]} f5 {[%clk 0:44:35]} 14. Bxh6 {[%clk 1:25:31]} Bxh6 {[%clk 0:44:58]}
15. O-O {[%clk 1:24:48]} Qf6 {[%clk 0:41:49]} 16. f4 {[%clk 1:23:19]} Rae8
{[%clk 0:35:56]} 17. fxe5 {[%clk 1:21:26]} Qxe5 {[%clk 0:33:27]} 18. Qxe5
{[%clk 1:21:43]} Rxe5 {[%clk 0:33:51]} 19. Nf4 {[%clk 1:21:44]} Rfe8 {[%clk
0:26:47]} 20. Ne6 {[%clk 1:21:15]} Be3+ {[%clk 0:26:30]} 21. Kh1 {[%clk
1:21:41]} Kh8 {[%clk 0:25:47]} 22. h3 {[%clk 1:20:23]} Be2 {[%clk 0:23:48]} 23.
Rfe1 {[%clk 1:19:48]} R8xe6 {[%clk 0:22:43]} 24. dxe6 {[%clk 1:19:36]} Bf2
{[%clk 0:23:01]} 25. Rf1 {[%clk 1:14:00]} 1/2-1/2

[Event "DVM U20 2019"]
[Site "Braunschweig GER"]
[Date "2019.12.27"]
[Round "2"]
[White "Kirschweng, Luca"]
[Black "Rösler, Hannah Clara Hed"]
[Result "0-1"]
[Termination "normal"]
[Board "7.5"]
[WhiteElo "1718"]
[BlackElo "1695"]
[WhiteClock "00:05:00"]
[BlackClock "00:09:02"]
[WhiteTeam "SG Trier"]
[BlackTeam "SK Bebenhausen 1992"]
[PlyCount "82"]
[WhiteFideId "16262514"]
[BlackFideId "12983500"]
[EventCountry "GER"]
[EventRounds "7"]
[EventType "team-swiss"]
[EventDate "2019.12.26"]

1. d4 {[%clk 1:30:58]} Nf6 {[%clk 1:30:36]} 2. c4 {[%clk 1:31:13]} c5 {[%clk
1:30:47]} 3. d5 {[%clk 1:31:32]} b5 {[%clk 1:31:06]} 4. cxb5 {[%clk 1:31:30]}
a6 {[%clk 1:31:26]} 5. Nc3 {[%clk 1:31:33]} axb5 {[%clk 1:30:44]} 6. Nxb5
{[%clk 1:30:19]} Ba6 {[%clk 1:30:39]} 7. Nc3 {[%clk 1:30:41]} g6 {[%clk
1:26:45]} 8. g3 {[%clk 1:30:35]} d6 {[%clk 1:26:00]} 9. Nf3 {[%clk 1:30:06]}
Bg7 {[%clk 1:24:46]} 10. Bg2 {[%clk 1:29:50]} Qc7 {[%clk 1:19:12]} 11. O-O
{[%clk 1:26:30]} Nbd7 {[%clk 1:16:29]} 12. Re1 {[%clk 1:26:15]} O-O {[%clk
1:14:27]} 13. e4 {[%clk 1:24:43]} Ng4 {[%clk 1:08:55]} 14. h3 {[%clk 1:15:56]}
Nge5 {[%clk 1:08:23]} 15. Nxe5 {[%clk 1:10:38]} Bxe5 {[%clk 1:01:54]} 16. f4
{[%clk 1:09:04]} Bg7 {[%clk 1:01:58]} 17. h4 {[%clk 1:08:11]} c4 {[%clk
0:58:59]} 18. h5 {[%clk 1:05:38]} Nc5 {[%clk 0:56:15]} 19. f5 {[%clk 0:56:00]}
Nd3 {[%clk 0:54:17]} 20. Re2 {[%clk 0:41:07]} Bc8 {[%clk 0:40:36]} 21. h6
{[%clk 0:38:33]} Bd4+ {[%clk 0:38:41]} 22. Be3 {[%clk 0:36:46]} Be5 {[%clk
0:35:38]} 23. Rd2 {[%clk 0:35:29]} Nxb2 {[%clk 0:24:48]} 24. Qc2 {[%clk
0:32:15]} Nd3 {[%clk 0:24:02]} 25. fxg6 {[%clk 0:29:33]} Qa5 {[%clk 0:20:06]}
26. gxh7+ {[%clk 0:28:33]} Kxh7 {[%clk 0:20:05]} 27. Rf1 {[%clk 0:21:15]} Qxc3
{[%clk 0:16:45]} 28. Qd1 {[%clk 0:17:50]} Bd4 {[%clk 0:15:37]} 29. Bxd4 {[%clk
0:17:42]} Qxd4+ {[%clk 0:16:02]} 30. Kh2 {[%clk 0:17:42]} Qe5 {[%clk 0:15:42]}
31. Qf3 {[%clk 0:14:39]} Qg5 {[%clk 0:12:41]} 32. Re2 {[%clk 0:12:59]} Ba6
{[%clk 0:12:10]} 33. Qf5+ {[%clk 0:12:32]} Qxf5 {[%clk 0:11:55]} 34. exf5
{[%clk 0:12:47]} Ne5 {[%clk 0:11:38]} 35. f6 {[%clk 0:10:41]} c3 {[%clk
0:10:25]} 36. Be4+ {[%clk 0:10:52]} Kxh6 {[%clk 0:09:41]} 37. fxe7 {[%clk
0:09:01]} Rfe8 {[%clk 0:09:26]} 38. Rf6+ {[%clk 0:07:23]} Kg7 {[%clk 0:09:45]}
39. Rff2 {[%clk 0:04:35]} Ng4+ {[%clk 0:08:54]} 40. Kg2 {[%clk 0:04:44]} Nxf2
{[%clk 0:09:03]} 41. Rxf2 {[%clk 0:05:00]} Bc4 {[%clk 0:09:02]} 0-1

[Event "DVM U20 2019"]
[Site "Braunschweig GER"]
[Date "2019.12.27"]
[Round "2"]
[White "Melde, Benjamin"]
[Black "Hoffmann, Jens"]
[Result "1-0"]
[Termination "normal"]
[Board "8.1"]
[WhiteElo "2120"]
[BlackElo "2113"]
[WhiteClock "00:54:27"]
[BlackClock "00:29:12"]
[WhiteTeam "Schachklub Turm Kleve 1974 e. V."]
[BlackTeam "SF HN-Biberach 1978 e.V."]
[PlyCount "85"]
[WhiteFideId "12958816"]
[BlackFideId "12946320"]
[EventCountry "GER"]
[EventRounds "7"]
[EventType "team-swiss"]
[EventDate "2019.12.26"]

1. c4 {[%clk 1:30:42]} e5 {[%clk 1:30:53]} 2. g3 {[%clk 1:31:08]} Nf6 {[%clk
1:31:17]} 3. Bg2 {[%clk 1:31:35]} d5 {[%clk 1:31:40]} 4. cxd5 {[%clk 1:32:01]}
Nxd5 {[%clk 1:32:05]} 5. Nc3 {[%clk 1:32:27]} Nb6 {[%clk 1:32:27]} 6. Nf3
{[%clk 1:32:52]} Nc6 {[%clk 1:32:50]} 7. O-O {[%clk 1:33:17]} Be7 {[%clk
1:33:11]} 8. a3 {[%clk 1:33:43]} O-O {[%clk 1:32:36]} 9. b4 {[%clk 1:34:08]} a6
{[%clk 1:31:53]} 10. Bb2 {[%clk 1:32:32]} Nc4 {[%clk 1:27:56]} 11. Bc1 {[%clk
1:32:57]} Be6 {[%clk 1:25:23]} 12. d3 {[%clk 1:32:59]} Nd6 {[%clk 1:13:49]} 13.
Bb2 {[%clk 1:33:00]} f6 {[%clk 1:01:40]} 14. Rc1 {[%clk 1:32:39]} Qd7 {[%clk
0:52:02]} 15. Na4 {[%clk 1:25:25]} Nf5 {[%clk 0:50:04]} 16. Nd2 {[%clk
1:23:37]} Nfd4 {[%clk 0:47:46]} 17. e3 {[%clk 1:19:18]} Nb5 {[%clk 0:44:14]}
18. Ne4 {[%clk 1:16:28]} Bd5 {[%clk 0:24:10]} 19. Nec5 {[%clk 1:05:41]} Bxc5
{[%clk 0:24:30]} 20. Nxc5 {[%clk 1:06:09]} Qf7 {[%clk 0:24:01]} 21. Nxb7 {[%clk
1:06:18]} Rfe8 {[%clk 0:18:18]} 22. Nc5 {[%clk 1:03:10]} Red8 {[%clk 0:14:57]}
23. Qc2 {[%clk 0:41:32]} a5 {[%clk 0:01:18]} 24. Nb7 {[%clk 0:29:54]} Rdb8
{[%clk 0:01:28]} 25. Bxd5 {[%clk 0:30:22]} Qxd5 {[%clk 0:01:46]} 26. Qxc6
{[%clk 0:30:50]} Qxc6 {[%clk 0:01:59]} 27. Rxc6 {[%clk 0:31:19]} Rxb7 {[%clk
0:02:20]} 28. a4 {[%clk 0:31:45]} Na7 {[%clk 0:02:11]} 29. Ra6 {[%clk 0:31:56]}
axb4 {[%clk 0:00:46]} 30. d4 {[%clk 0:32:11]} Rab8 {[%clk 0:00:34]} 31. dxe5
{[%clk 0:32:03]} fxe5 {[%clk 0:00:48]} 32. Bxe5 {[%clk 0:32:32]} b3 {[%clk
0:00:35]} 33. Rb1 {[%clk 0:32:57]} Rd8 {[%clk 0:00:34]} 34. Bd4 {[%clk
0:28:28]} Nc8 {[%clk 0:01:02]} 35. Ra8 {[%clk 0:28:54]} Kf7 {[%clk 0:00:49]}
36. a5 {[%clk 0:29:19]} Rb5 {[%clk 0:00:37]} 37. a6 {[%clk 0:23:01]} c5 {[%clk
0:01:06]} 38. a7 {[%clk 0:22:03]} cxd4 {[%clk 0:00:34]} 39. Rb8 {[%clk
0:22:32]} Ra5 {[%clk 0:00:40]} 40. a8=Q {[%clk 0:22:45]} Rxa8 {[%clk 0:01:06]}
41. Rxa8 {[%clk 0:23:10]} d3 {[%clk 0:00:45]} 42. Kf1 {[%clk 0:23:35]} Ke7
{[%clk 0:29:12]} 43. Ke1 {[%clk 0:54:27]} 1-0

[Event "DVM U20 2019"]
[Site "Braunschweig GER"]
[Date "2019.12.27"]
[Round "2"]
[White "Geltz, Noah"]
[Black "Wiegersma, Justus"]
[Result "1-0"]
[Termination "normal"]
[Board "8.2"]
[WhiteElo "2054"]
[BlackElo "1975"]
[WhiteClock "00:16:35"]
[BlackClock "00:38:49"]
[WhiteTeam "SF HN-Biberach 1978 e.V."]
[BlackTeam "Schachklub Turm Kleve 1974 e. V."]
[PlyCount "73"]
[WhiteFideId "16224256"]
[BlackFideId "16207866"]
[EventCountry "GER"]
[EventRounds "7"]
[EventType "team-swiss"]
[EventDate "2019.12.26"]

1. Nf3 {[%clk 1:30:55]} Nf6 {[%clk 1:30:46]} 2. c4 {[%clk 1:30:50]} g6 {[%clk
1:30:59]} 3. g3 {[%clk 1:30:36]} Bg7 {[%clk 1:31:24]} 4. Bg2 {[%clk 1:30:55]}
O-O {[%clk 1:31:40]} 5. O-O {[%clk 1:30:21]} c5 {[%clk 1:31:50]} 6. Nc3 {[%clk
1:30:05]} Nc6 {[%clk 1:32:18]} 7. d4 {[%clk 1:28:57]} cxd4 {[%clk 1:32:47]} 8.
Nxd4 {[%clk 1:29:09]} Nxd4 {[%clk 1:30:44]} 9. Qxd4 {[%clk 1:28:59]} d6 {[%clk
1:30:54]} 10. Rd1 {[%clk 1:26:23]} Qa5 {[%clk 1:31:01]} 11. Qd3 {[%clk
1:23:52]} Qh5 {[%clk 1:25:36]} 12. e4 {[%clk 1:17:58]} Ng4 {[%clk 1:16:06]} 13.
h3 {[%clk 0:55:23]} Ne5 {[%clk 1:11:49]} 14. Qf1 {[%clk 0:55:27]} Nf3+ {[%clk
1:05:45]} 15. Bxf3 {[%clk 0:54:27]} Qxf3 {[%clk 1:06:12]} 16. Rd3 {[%clk
0:53:54]} Qh5 {[%clk 1:03:48]} 17. g4 {[%clk 0:52:28]} Qh4 {[%clk 1:01:13]} 18.
Bf4 {[%clk 0:49:41]} h5 {[%clk 0:50:54]} 19. Bg3 {[%clk 0:48:04]} Qg5 {[%clk
0:50:55]} 20. Nd5 {[%clk 0:46:36]} hxg4 {[%clk 0:47:38]} 21. h4 {[%clk
0:46:53]} Qh5 {[%clk 0:47:28]} 22. Nxe7+ {[%clk 0:46:52]} Kh7 {[%clk 0:47:51]}
23. Nxc8 {[%clk 0:45:06]} Raxc8 {[%clk 0:48:15]} 24. Rxd6 {[%clk 0:45:01]} f5
{[%clk 0:48:00]} 25. Rd5 {[%clk 0:42:52]} Qh6 {[%clk 0:47:35]} 26. exf5 {[%clk
0:41:32]} gxf5 {[%clk 0:48:02]} 27. Qd3 {[%clk 0:41:43]} Qg6 {[%clk 0:47:22]}
28. Re1 {[%clk 0:41:14]} Rf7 {[%clk 0:47:25]} 29. Rd6 {[%clk 0:35:24]} Rf6
{[%clk 0:41:40]} 30. Rxf6 {[%clk 0:32:55]} Qxf6 {[%clk 0:42:06]} 31. Be5 {[%clk
0:28:59]} Qf7 {[%clk 0:40:10]} 32. Bxg7 {[%clk 0:24:42]} Kxg7 {[%clk 0:40:02]}
33. Qd4+ {[%clk 0:24:54]} Kg6 {[%clk 0:39:01]} 34. Qd6+ {[%clk 0:19:46]} Kh5
35. Re6 Kxh4 {[%clk 0:38:25]} 36. Qh2+ {[%clk 0:16:35]} Kg5 {[%clk 0:38:49]}
37. Qh6# 1-0